000 01816cam a22001814a 4500
005 20250605164205.0
008 250528s ||||||||||||||||||||||||d
035 _a19914
040 _aGR-AtMCL
_bgre
_dGR-AtMCL
_eAACR2
245 1 _aΈμπειρα Συστήματα και Εφαρμογες / Με Εισαγωγή στην Τεχνητή Νοημοσύνη MYCIN, PROSPECTOR, CANDUCEUS, CASNET
260 _bΑθήνα,
_c2005
300 _a784
520 _aΤο παρόν βιβλίο δίνει μία ολοκηρωμένη παρουσίαση της μεθοδολογίας των έμπειρων συστημάτων. Τεχνητή Νοημοσύνη και Έμπειρα Συστήματα και Παραδοσιακή Επεξεργασία Δεδομένων, Αρχιτεκτονική των Έμπειρων Συστημάτων, Κατηγορικός Λογισμός, Υπολογιστικές τεχνικές Παράστασης και ελέγχου της γνώσης, Τεχνικές Εξαγωγής Συμπερασμάτων μάσα σε Αβεβαιότητα, Διαγνωστική Βλαβών Βασισμένη στη Γνώση, Ασαφής Λογική-Συλλογιστική και Ασαφή Συστήματα, Ανασκόπηση Κλασσικών Έμπειρων Συστημάτων, Διαδικασία Ανάπτυξης και Εργαλεία Κατασκευής Έμπειρων Συστημάτων, Οι Γλώσσες LISP και PROLOG της Τεχνητής Νοημοσύνης, Διαδικασία Ανάπτυξης και Εργαλεία Κατασκευής Έμπειρων Συστημάτων, Βιβλιογραφία.
700 1 _aΤζαφέστας Σπύρος Γ
_96072
942 _cBK
999 _c5156
_d5156